[Event "2021 WA Open"]
[Site "Leeming, Perth WA"]
[Date "2021.05.30"]
[Round "3"]
[White "Hare, Tim"]
[Black "Falasca, Valerio"]
[Result "1-0"]
[WhiteElo "2175"]
[BlackElo "2104"]
[EventDate "2021.05.16"]

1.c4 Nf6 2.Nc3 g6 3.Nf3 Bg7 4.g3 O-O 5.Bg2 d5 6.cxd5 Nxd5 7.O-O e5 8.d3 
Nxc3 9.bxc3 e4 10.dxe4 Bxc3 11.Rb1 Qe7 12.Qb3 Bg7 13.Bg5 Qxe4 14.Nd2 Qxe2 
15.Rfe1 Qa6 16.Be7 Re8 17.Bf1 Qb6 18.Bc5 Qc6 19.Bb5 Rxe1+ 20.Rxe1 Qxc5 21.
Re8+ Bf8 22.Rxc8 Qf5 23.Be8 Kg7 24.Rxc7 Nd7 25.Bxd7 Qe5 26.Qc3 Qxc3 27.
Rxc3 Bb4 28.Rd3 Kf8 29.Ba4 a6 30.Ne4 b5 31.Bb3 f5 32.Ng5 h6 33.Ne6+ Ke7 
34.Nc7 1-0

[Event "2021 WA Open"]
[Site "Leeming, Perth WA"]
[Date "2021.05.30"]
[Round "3"]
[White "Simonds, Marcus"]
[Black "Clarke, Daniel"]
[Result "0-1"]
[WhiteElo "1730"]
[BlackElo "1404"]
[EventDate "2021.05.16"]

1.d4 d5 2.Bf4 Nf6 3.e3 c5 4.Nf3 Nc6 5.Nbd2 Bg4 6.c3 e6 7.Qa4 Bxf3 8.Nxf3 
Qa5 9.Qxa5 Nxa5 10.Bb5+ Nc6 11.Ne5 Rc8 12.Nxc6 bxc6 13.Ba6 Rd8 14.Bb7 Kd7 
15.h3 Bd6 16.dxc5 Bxf4 17.exf4 Rb8 18.Ba6 Rxb2 19.O-O Rhb8 20.Bd3 Rd2 21.
Rfd1 Rbb2 22.Rxd2 Rxd2 23.Bf1 Ne4 24.f3 Nxc3 25.a3 Na4 26.Rb1 Kc7 27.Re1 
Nxc5 28.f5 Rb2 29.fxe6 fxe6 30.Rc1 Nb3 31.Re1 Kd6 32.Bd3 g6 33.f4 Nd4 34.
h4 c5 35.Rd1 Ne2+ 36.Bxe2 Rxe2 37.Rb1 c4 38.Kf1 Ra2 39.h5 c3 40.hxg6 hxg6 
41.g4 Rh2 42.Kg1 c2 0-1

[Event "2021 WA Open"]
[Site "Leeming, Perth WA"]
[Date "2021.05.30"]
[Round "3"]
[White "Gupta, Aarnav"]
[Black "Bultman, Grant"]
[Result "1-0"]
[WhiteElo "810"]
[BlackElo "1473"]
[EventDate "2021.05.16"]

1.d4 d5 2.Bf4 Nf6 3.e3 a6 4.Bd3 g6 5.h3 Bg7 6.Nf3 O-O 7.O-O b5 8.c3 Nbd7 
9.a4 c6 10.axb5 cxb5 11.Bxb5 Qb6 12.Qa4 Nb8 13.Bxb8 Qxb8 14.Bc6 Ra7 15.Qa2
e6 16.Ne5 Ne4 17.Nd3 Qd6 18.Ba4 f5 19.Qa3 Qc7 20.Bc2 Bh6 21.f4 g5 22.Ne5 
gxf4 23.exf4 Ng3 24.Rf3 Qg7 25.Kf2 Ne4+ 26.Bxe4 Bxf4 27.Rxf4 fxe4 28.Rxf8+
Qxf8+ 29.Qxf8+ Kxf8 30.Ke3 Rg7 31.g4 Ra7 32.Nd2 a5 33.Nc6 Rb7 34.b3 a4 35.
Rxa4 Bd7 36.Ra8+ Kg7 37.Ne5 Bb5 38.Rd8 Rb6 39.c4 dxc4 40.bxc4 Ba4 41.c5 
Ra6 42.Rd6 Ra8 43.c6 Kf6 44.Nxe4+ Ke7 45.Rd7+ Ke8 46.Nd6+ Kf8 47.Rf7+ Kg8 
48.c7 1-0

[Event "2021 WA Open"]
[Site "Leeming, Perth WA"]
[Date "2021.05.30"]
[Round "3"]
[White "Hardegen, Kathryn"]
[Black "Laubbbacher, Jamie"]
[Result "1/2-1/2"]
[WhiteElo "2124"]
[BlackElo "2196"]
[EventDate "2021.05.16"]

1.d4 d5 2.c4 c6 3.Nc3 Nf6 4.Nf3 e6 5.Bg5 dxc4 6.a4 Bb4 7.Bxf6 Qxf6 8.e3 b5
9.Be2 O-O 10.O-O Nd7 11.axb5 Bxc3 12.bxc6 Bxb2 13.cxd7 Bxd7 14.Ra2 c3 15.
Ne5 Qe7 16.Qc2 Rfc8 17.Bf3 Bb5 18.Bxa8 Rxa8 19.Nd3 Qc7 20.Nxb2 Bxf1 21.
Kxf1 cxb2 22.Rxb2 Qxh2 23.Qc6 Qh1+ 24.Ke2 Qh5+ 25.f3 Qd5 26.Qxd5 exd5 27.
Kd3 a5 28.Rb5 a4 29.Kc2 f6 30.Rxd5 a3 31.Kb1 Rb8+ 32.Ka2 Rb2+ 33.Kxa3 Rxg2
34.Rf5 Rg5 35.Rf4 Rb5 36.e4 Kf7 37.Rh4 h6 38.d5 Ke7 39.Ka4 Rb6 40.Rh5 Kd6 
41.Rf5 Kc5 42.Rh5 Kd4 43.Ka5 Kc5 44.Rh1 Rb3 45.Rc1+ Kd6 46.Rc6+ Ke7 47.f4 
Re3 48.Rc4 g5 49.fxg5 fxg5 50.Kb5 g4 51.Rc6 h5 52.Rh6 Rxe4 53.Rxh5 Kd6 54.
Rg5 Rd4 55.Kb6 Rc4 56.Kb5 Rd4 57.Kb6 Rb4+ 58.Ka5 Rd4 59.Kb6 1/2-1/2

[Event "2021 WA Open"]
[Site "Leeming, Perth WA"]
[Date "2021.05.30"]
[Round "3"]
[White "Hernandez Mendez, Iker"]
[Black "Tomic, Nedeljko"]
[Result "1-0"]
[WhiteElo "1419"]
[BlackElo "1840"]
[EventDate "2021.05.16"]

1.d4 g6 2.e4 Bg7 3.Nc3 d6 4.h3 Nf6 5.Nge2 O-O 6.g3 Nc6 7.Bg2 e5 8.Be3 a6 
9.a4 Rb8 10.O-O Bd7 11.f4 exd4 12.Nxd4 h5 13.Nd5 Nxd5 14.exd5 Ne7 15.c3 c5
16.dxc6 bxc6 17.Qd2 d5 18.b4 Bxd4 19.Bxd4 Nf5 20.Bf2 Nd6 21.Bc5 Nc4 22.Qd4
Re8 23.Rae1 Bf5 24.Rxe8+ Qxe8 25.Qf6 Qd7 26.Bd4 Kf8 27.Qh8+ Ke7 28.Qxb8 
Qc8 29.Re1+ Kd8 30.Bf6+ Kd7 31.Qa7+ 1-0

[Event "2021 WA Open"]
[Site "Leeming, Perth WA"]
[Date "2021.05.30"]
[Round "3"]
[White "Gao, Oscar"]
[Black "Elkington, Derek"]
[Result "1-0"]
[WhiteElo "1859"]
[BlackElo "1895"]
[EventDate "2021.05.16"]

1.e4 c5 2.Nf3 e6 3.d4 cxd4 4.Nxd4 Qb6 5.Nb3 Qc7 6.Be2 Nf6 7.Nc3 a6 8.Be3 
b5 9.a3 Bb7 10.Bf3 d6 11.O-O Nbd7 12.Bd4 Ne5 13.Bxe5 dxe5 14.g3 Rc8 15.Re1
Bxa3 16.Nxb5 axb5 17.Rxa3 b4 18.Ra4 Qxc2 19.Qxc2 Rxc2 20.Rxb4 Ba6 21.Rb8+ 
Bc8 22.Rc1 Rxc1+ 23.Nxc1 Nd7 1-0

[Event "2021 WA Open"]
[Site "Leeming, Perth WA"]
[Date "2021.05.30"]
[Round "3"]
[White "Lintern, Melvyn"]
[Black "McAteer, Ian"]
[Result "0-1"]
[WhiteElo "1573"]
[BlackElo "1817"]
[EventDate "2021.05.16"]

1.e4 c6 2.Nf3 d5 3.e5 Bg4 4.d4 e6 5.h3 Bxf3 6.Qxf3 Qb6 7.c3 c5 8.Qd3 cxd4 
9.Qb5+ Qxb5 10.Bxb5+ Nd7 11.Bxd7+ Kxd7 12.cxd4 Ne7 13.Bd2 Nc6 14.Bc3 Nb4 
15.Bxb4 Bxb4+ 16.Nc3 Rac8 17.Rc1 Rc4 18.a3 Ba5 19.b4 Bb6 20.Ne2 Rxc1+ 21.
Nxc1 Bxd4 22.Nd3 Rc8 23.Kd2 b5 24.Rc1 Rc4 25.f4 Rxc1 26.Kxc1 g5 27.g3 gxf4
28.gxf4 Be3+ 29.Kc2 Kc6 30.Kd1 d4 31.Ke2 Kd5 32.Kf3 Kc4 33.Ke4 Kc3 34.Nc5 
Kc2 35.h4 h5 36.Nd3 Kc3 37.Nc5 Bf2 38.f5 exf5+ 39.Kxf5 Bxh4 40.Ne4+ Kc2 
41.Ng5 Bxg5 42.Kxg5 d3 0-1

[Event "2021 WA Open"]
[Site "Leeming, Perth WA"]
[Date "2021.05.30"]
[Round "3"]
[White "Gupta, Anoushka"]
[Black "Yeung, Evan"]
[Result "1/2-1/2"]
[WhiteElo "414"]
[BlackElo "1664"]
[EventDate "2021.05.16"]

1.e4 c6 2.d4 d5 3.exd5 cxd5 4.Bd3 Nc6 5.c3 Nf6 6.h3 e6 7.Bf4 Bd6 8.Bxd6 
Qxd6 9.Nf3 O-O 10.O-O Bd7 11.Re1 Rac8 12.Nbd2 Na5 13.Ne5 a6 14.c4 dxc4 15.
Ndxc4 Nxc4 16.Bxc4 b5 17.Bd3 Qb4 18.b3 Rfd8 19.a3 Qd6 20.Be4 Nxe4 21.Rxe4 
Bc6 22.Rh4 Qd5 23.f3 Bb7 24.b4 f6 25.Ng4 Qg5 26.Qe1 Rd6 27.Qg3 Rcd8 28.f4 
Qg6 29.Rc1 f5 30.Rc7 R6d7 31.Rc5 fxg4 32.Rxg4 Qf6 33.Rcg5 Qxd4+ 34.Kh2 g6 
35.f5 Qd6 36.Qxd6 Rxd6 37.fxg6 hxg6 38.Rxg6+ Kf7 39.Rg7+ Kf6 40.Rxb7 Rd3 
41.Rb6 Rxa3 42.Re4 Re8 43.Rd4 Ra4 44.Rdd6 Ra2 45.Rxa6 Rb2 46.Rd4 Ke5 47.
Rg4 Kd5 48.Ra5 Kc6 49.Ra6+ Kb7 50.Ra5 Kb6 51.Rd4 e5 52.Rd6+ Kc7 53.Rd5 Rg8
54.Rxe5 Rgxg2+ 55.Kh1 Rh2+ 56.Kg1 Rhg2+ 57.Kf1 Rh2 58.Kg1 Rbg2+ 59.Kf1 
Rf2+ 60.Ke1 Rb2 61.Rc5+ Kb6 62.Rcxb5+ Kc6 63.Rc5+ Kb6 64.Rcb5+ Kc6 65.Rc5+
Kb6 66.Rab5+ Ka6 67.Ra5+ Kb6 68.Rab5+ Ka6 69.Ra5+ Kb6 70.Rcb5+ Kc6 71.Rc5+
Kb6 1/2-1/2

[Event "2021 WA Open"]
[Site "Leeming, Perth WA"]
[Date "2021.05.30"]
[Round "3"]
[White "Saxon, Marc"]
[Black "Prunty, Jon"]
[Result "1-0"]
[WhiteElo "1793"]
[BlackElo "1522"]
[EventDate "2021.05.16"]

1.e4 c6 2.d4 d5 3.Nc3 dxe4 4.Nxe4 Bf5 5.Ng3 Bg6 6.Nf3 Nf6 7.h4 h6 8.Bd3 Bxd3 
9.Qxd3 Qa5+ 10.Bd2 Qc7 11.O-O-O e6 12.Ne5 Bd6 13.Ne4 Nxe4 14.Qxe4 Nd7 15.Nc4 
Nf6 16.Nxd6+ Qxd6 17.Qe2 O-O-O 18.c4 Qc7 19.Bc3 Qf4+ 20.Bd2 Qc7 21.Be3 Qa5 
22.a3 Rd7 23.Rd3 Rhd8 24.Rhd1 Qa4 25.Qc2 Qxc2+ 26.Kxc2 a6 27.f3 Ne8 28.a4 Nd6 
29.Kc3 b5 30.axb5 axb5 31.b3 Kb7 32.d5 exd5 33.cxd5 cxd5 34.Rxd5 Rc8+ 35.Kb4 
Rcd8 36.Bf4 Kc6 37.Rxd6+ Rxd6 38.Rxd6+ Rxd6 39.Bxd6 Kxd6 40.Kxb5 Kc7 41.Ka6 f6 
42.b4 Kb8 43.Kb6 g6 44.f4 g5 45.fxg5 fxg5 46.hxg5 hxg5 47.g4 Kc8 48.Ka7 Kc7 49.b5 1-0

[Event "2021 WA Open"]
[Site "Leeming, Perth WA"]
[Date "2021.05.30"]
[Round "3"]
[White "Cadag, Herbert"]
[Black "Andador, Dominador"]
[Result "0-1"]
[WhiteElo "1656"]
[BlackElo "2124"]
[EventDate "2021.05.16"]

1.e4 d6 2.d4 Nf6 3.Nc3 c6 4.h3 Qa5 5.Bd3 Nbd7 6.Nf3 e5 7.O-O Be7 8.a3 a6 
9.Ne2 h6 10.Ng3 g6 11.c3 Nh7 12.Bxh6 Ndf6 13.Bc4 Nf8 14.Be3 Ne6 15.dxe5 
dxe5 16.Qb3 b5 17.Be2 Qc7 18.Ng5 c5 19.f4 c4 20.Qc2 Nxf4 21.Rf2 Nd7 22.
Nxf7 Kxf7 23.Bxf4 exf4 24.Rxf4+ Kg7 25.Rg4 Ne5 26.Rf4 Bg5 27.Raf1 Bxf4 28.
Rxf4 Nd3 29.Rf3 Ne1 30.Qd2 Nxf3+ 31.Bxf3 Qxg3 32.Qd4+ Kh7 33.e5 Bxh3 34.
Qd6 Ra7 35.Qf6 Bxg2 36.Bxg2 Re8 37.e6 Qe1+ 38.Kh2 Rxe6 39.Qf3 Rae7 0-1

[Event "2021 WA Open"]
[Site "Leeming, Perth WA"]
[Date "2021.05.30"]
[Round "3"]
[White "Hintz, Steven"]
[Black "Sheridan, Wallace"]
[Result "1/2-1/2"]
[WhiteElo "1472"]
[BlackElo "1699"]
[EventDate "2021.05.16"]

1.e4 d6 2.d4 Nf6 3.Nc3 e5 4.dxe5 dxe5 5.Qxd8+ Kxd8 6.Nf3 Bd6 7.Bg5 Nd7 8.
Bc4 Ke8 9.a3 c6 10.O-O h6 11.Bh4 g5 12.Bg3 Nh5 13.Rad1 Bc7 14.b4 b5 15.Bb3
a5 16.Nd2 axb4 17.axb4 Ke7 18.Ne2 Nb6 19.Rfe1 Nf4 20.h4 Bd6 21.c3 Be6 22.
Bxe6 Kxe6 23.Bxf4 gxf4 24.Ra1 c5 25.Rxa8 Rxa8 26.bxc5 Bxc5 27.Rb1 Ra2 28.
Rxb5 Rxd2 29.Rxc5 Kd6 30.Rb5 Kc6 31.Rxe5 Rxe2 32.Rf5 Rxe4 33.Rxf7 Nd5 34.
Rh7 Re6 35.c4 Nb6 36.Rf7 Nxc4 37.Rxf4 Ne5 38.g3 Kd6 39.Ra4 Ke7 40.Rf4 Nd3 
41.Rf3 Re1+ 42.Kg2 Rd1 43.Rf5 Rd2 44.g4 Ke6 45.Kg3 Ne5 46.f3 Rd3 47.Rf8 
Ke7 48.Rf5 Ke6 1/2-1/2

[Event "2021 WA Open"]
[Site "Leeming, Perth WA"]
[Date "2021.05.30"]
[Round "3"]
[White "Calado, Edward"]
[Black "Stassen, Walter"]
[Result "0-1"]
[WhiteElo "2139"]
[BlackElo "1965"]
[EventDate "2021.05.16"]

1.e4 e5 2.Nf3 d6 3.d4 exd4 4.Nxd4 Nf6 5.Nc3 Be7 6.Be2 c6 7.O-O O-O 8.Be3 
Re8 9.f4 Bf8 10.Bf3 Na6 11.Re1 Nc5 12.Bf2 Ne6 13.h3 Nxf4 14.Qd2 Ng6 15.g4 
Nd7 16.Bg2 Nh4 17.Bh1 Ne5 18.Re3 Nc4 19.Qe1 Be7 20.Re2 Ng6 21.b3 Nce5 22.
Nf5 Bxf5 23.gxf5 Nh4 24.Re3 Bg5 25.Kf1 Bxe3 26.Qxe3 Qf6 27.Rd1 Nxf5 28.
exf5 Ng4 29.Qg3 Nxf2 30.Kxf2 Qxf5+ 31.Kg2 Qxc2+ 32.Kg1 Re6 33.Bg2 Rae8 34.
Qd3 Qxd3 35.Rxd3 Re3 36.Rxe3 Rxe3 37.Ne4 Rd3 38.Kf1 f5 39.Ng5 h6 40.Ne6 
Re3 41.Nd4 g6 42.Ne2 Kf7 43.Ke1 Rd3 44.Bf1 Kf6 45.Nc1 Re3+ 46.Kd2 f4 47.
Nd3 g5 48.h4 Kf5 49.hxg5 hxg5 50.Nf2 g4 51.Bd3+ Rxd3+ 52.Kxd3 g3 0-1

[Event "2021 WA Open"]
[Site "Leeming, Perth WA"]
[Date "2021.05.30"]
[Round "3"]
[White "Dharmapuri, Kundan"]
[Black "Roebuck, Derek"]
[Result "1/2-1/2"]
[WhiteElo "1526"]
[BlackElo "1801"]
[EventDate "2021.05.16"]

1.e4 e5 2.Nf3 Nc6 3.d4 exd4 4.Bc4 Nf6 5.e5 d5 6.Bb5 Ne4 7.Nxd4 Bd7 8.Bxc6 
bxc6 9.O-O Bc5 10.c3 Bb6 11.f3 Ng5 12.f4 Ne4 13.Be3 c5 14.e6 cxd4 15.exd7+
Qxd7 16.cxd4 O-O 17.Nc3 Rfe8 18.Nxe4 Rxe4 19.Qd2 Rae8 1/2-1/2

[Event "2021 WA Open"]
[Site "Leeming, Perth WA"]
[Date "2021.05.30"]
[Round "3"]
[White "Zhang, Emily"]
[Black "Huang, Hui"]
[Result "0-1"]
[WhiteElo "1042"]
[BlackElo "1573"]
[EventDate "2021.05.16"]

1.e4 Nf6 2.e5 Nd5 3.d4 d6 4.c4 Nb6 5.exd6 exd6 6.Bd3 Nc6 7.Ne2 Be7 8.Be3 
O-O 9.O-O Bg4 10.f3 Bh5 11.Nbc3 Nb4 12.Be4 Nxc4 13.Qc1 Nxe3 14.Qxe3 Nc6 
15.Qd3 Bg6 16.Bxg6 hxg6 17.f4 Bf6 18.d5 Ne7 19.Qh3 Qc8 20.Qf3 Nf5 21.Ng3 
Nxg3 22.Qxg3 Bd4+ 23.Kh1 Qf5 24.Rac1 c6 25.dxc6 bxc6 26.Rfd1 Bc5 27.Na4 
Rfd8 28.Qg5 Qxg5 29.fxg5 Rac8 30.Nxc5 dxc5 31.h3 Rd5 32.h4 Rcd8 33.Rxd5 
Rxd5 34.Rc2 a5 35.Kg1 Kf8 36.Re2 f6 37.gxf6 gxf6 38.Kf1 Kf7 39.Kf2 Rf5+ 
40.Ke1 Re5 41.g4 Rxe2+ 42.Kxe2 a4 43.Ke3 c4 44.h5 gxh5 45.gxh5 Kg7 46.Kf4 
Kh6 47.Kg4 a3 48.bxa3 c3 49.a4 c2 50.a5 c1=Q 51.a6 Qa3 52.Kf5 Kxh5 53.Kxf6
Qxa6 54.Ke5 Qxa2 55.Kd4 Qd5+ 56.Ke3 Kg5 57.Ke2 Kf4 58.Ke1 Qa2 59.Kd1 Ke3 
60.Kc1 Kd3 61.Kd1 Qb1# 0-1

[Event "2021 WA Open"]
[Site "Leeming, Perth WA"]
[Date "2021.05.30"]
[Round "3"]
[White "Howard, Mark"]
[Black "Hurst, Benjamin"]
[Result "0-1"]
[WhiteElo "1474"]
[BlackElo "1780"]
[EventDate "2021.05.16"]

1.e4 e5 2.Nf3 Nc6 3.d4 exd4 4.Nxd4 Bc5 5.Be3 Qf6 6.c3 a6 7.Bc4 Qg6 8.O-O 
Ne5 9.Be2 Nf6 10.f4 Qxe4 11.Bc1 Bxd4+ 12.cxd4 Nc6 13.Bd3 Qxd4+ 14.Kh1 O-O 
15.h3 Kh8 16.Nc3 Nb4 17.Rf3 b5 18.Ne2 Qd6 19.a3 Bb7 20.axb4 Bxf3 21.gxf3 
Qxb4 22.Bd2 Qd6 23.Qc2 Qc6 24.Nd4 Qxc2 25.Nxc2 c5 26.Rg1 d5 27.f5 Rfe8 28.
Ne3 c4 29.Bb1 d4 30.Ng4 Nxg4 31.Rxg4 d3 32.Bc3 f6 33.Re4 Rxe4 34.fxe4 Rd8 
35.Bd2 Rd4 36.e5 fxe5 0-1

[Event "2021 WA Open Championship"]
[Site "Leeming, Perth WA"]
[Date "2021.05.30"]
[Round "3"]
[White "Gunawan, Tjermin"]
[Black "Al -Shabib, Whamid"]
[Result "1-0"]
[WhiteElo "1818"]
[BlackElo "1591"]
[EventDate "2021.05.16"]

1.d4 d6 2.c4 Nf6 3.Nc3 c6 4.Nf3 Qa5 5.Bd2 Qc7 6.e4 Bg4 7.Be2 Bxf3 8.Bxf3 
e5 9.Bg5 Nbd7 10.O-O Be7 11.Rc1 a6 12.Re1 h6 13.Bh4 Nxe4 14.Rxe4 f5 15.
Bh5+ Kd8 16.Bxe7+ Kxe7 17.Re3 f4 18.Re1 Nf6 19.dxe5 dxe5 20.Bf3 Rhd8 21.
Qe2 Nd7 22.Rcd1 Kf6 23.Ne4+ Kf7 24.Bh5+ g6 25.Nd6+ Kg7 26.Qg4 Nf8 27.Rxe5 
Rxd6 28.Rde1 Rd7 29.Bxg6 Nxg6 30.Re6 Kh8 31.Qxg6 Rg8 32.Re8 Rg7 33.Qxh6+ 
Rh7 34.Rxg8+ 1-0

[Event "2021 WA Open"]
[Site "Leeming, Perth WA"]
[Date "2021.05.30"]
[Round "3"]
[White "Gong, Patrick"]
[Black "Kinsman, Craig"]
[Result "1-0"]
[WhiteElo "2483"]
[BlackElo "2127"]
[EventDate "2021.05.16"]

1.g3 e5 2.Bg2 d5 3.d3 Nc6 4.a3 Be6 5.b4 a6 6.Bb2 Qd7 7.Nd2 f6 8.c4 Nge7 9.
Rc1 g6 10.Nb3 b6 11.cxd5 Bxd5 12.Bxd5 Qxd5 13.e4 Qe6 14.Qc2 Rd8 15.Ne2 Rd7
16.O-O Bh6 17.Rcd1 O-O 18.d4 exd4 19.Nbxd4 Nxd4 20.Nxd4 Qf7 21.Nc6 Nxc6 
22.Qxc6 Re7 23.Rfe1 Bg7 24.f4 Rfe8 25.Re2 Qe6 26.Qxe6+ Rxe6 27.Rc1 c6 28.
Kf2 Kf7 29.Kf3 Rd8 30.Rcc2 Rd3+ 31.Re3 Red6 32.Rxd3 Rxd3+ 33.Ke2 Rd6 34.
Ke3 Ke6 35.Bd4 b5 36.g4 Bh6 37.Bxf6 Kd7 38.g5 Bf8 39.Bd4 Re6 40.h4 a5 41.
Bc5 Bxc5+ 42.Rxc5 axb4 43.axb4 Re8 44.Re5 Ra8 45.f5 gxf5 46.exf5 Kd6 47.
Kd4 Ra1 48.Re6+ Kd7 49.Rh6 Rd1+ 50.Ke5 Re1+ 51.Kf6 Re4 52.Rxh7+ Kd6 53.g6 
Rxb4 54.g7 Rg4 55.Rh6 1-0

[Event "2021 WA Open"]
[Site "Leeming, Perth WA"]
[Date "2021.05.30"]
[Round "3"]
[White "King, David"]
[Black "Fu, Yihe (Rebo)"]
[Result "0-1"]
[WhiteElo "1908"]
[BlackElo "2140"]
[EventDate "2021.05.16"]

1.e4 e6 2.d4 d5 3.Nd2 dxe4 4.Nxe4 Bd7 5.Nf3 Bc6 6.Bd3 Nd7 7.O-O Ngf6 8.
Nxf6+ Qxf6 9.Be2 Bxf3 10.Bxf3 c6 11.c3 Bd6 12.Qb3 Rb8 13.Be3 O-O 14.Rad1 
e5 15.dxe5 Nxe5 16.Be2 b6 17.Qa4 Qe7 18.Rfe1 Qc7 19.g3 Ng6 20.f4 Rfe8 21.
Bf3 Rxe3 22.Rxe3 Bc5 23.Rd4 b5 24.Qd1 Ne7 25.Be4 Bxd4 26.cxd4 Qb6 27.Bxh7+
Kf8 28.Be4 Rd8 29.Rd3 Rd6 30.Kg2 Re6 31.Qf3 f5 32.Bxc6 Qxc6 33.Qxc6 Rxc6 
34.Rd2 Nd5 35.Kf3 Ke7 36.h3 Re6 37.Re2 Rxe2 38.Kxe2 Kd6 39.a3 Nc7 40.g4 
fxg4 41.hxg4 Kd5 42.Kd3 Ne6 43.Ke3 Nxd4 44.Kd3 a5 45.Ke3 Nc6 46.Kd3 Nb8 
47.Ke3 Nd7 48.g5 Nc5 49.Kf3 Nd3 50.Kg4 Ke4 51.f5 Ne5+ 0-1